Inazuma Eleven 2: Diamond Dust - Statistiques

Statistiques générales
  • Ce quiz a été pris 84 fois
  • Le résultat moyen est 6 sur 11
Statistiques - réponses
Rôle Numéro Réponse % Correct
Attaquant 10 Gazelle
100%
Défenseur 5 Icer
70%
Milieu 8 Rhine
70%
Gardien 1 Beluga
65%
Attaquant 11 Frost
65%
Défenseur 4 Gocker
62%
Défenseur 2 Arkew
61%
Défenseur 3 Clear
56%
Milieu 7 Droll
55%
Attaquant 9 Blown
23%
Milieu 6 Balen
20%
Aucun quiz correspondant
Distribution des résultats
% des personnes avec chaque résultat
Percentile par nombre de réponses
Votre historique - résultats
Vous n’avez pas pris ce quiz